Criminal Law. / (Record no. 9809)
[ view plain ]
| 000 -LEADER | |
|---|---|
| fixed length control field | 01465nam a22002417a 4500 |
| 003 - CONTROL NUMBER IDENTIFIER | |
| control field | OSt |
| 005 - DATE AND TIME OF LATEST TRANSACTION | |
| control field | 20230622134846.0 |
| 008 - FIXED-LENGTH DATA ELEMENTS--GENERAL INFORMATION | |
| fixed length control field | 120625t xxu||||| |||| 00| 0 eng d |
| 020 ## - INTERNATIONAL STANDARD BOOK NUMBER | |
| International Standard Book Number | 9780495507864 |
| 020 ## - INTERNATIONAL STANDARD BOOK NUMBER | |
| International Standard Book Number | 0495507865 |
| 040 ## - CATALOGING SOURCE | |
| Transcribing agency | WIUC-GH |
| 050 ## - LIBRARY OF CONGRESS CALL NUMBER | |
| Classification number | KF9218.G22 |
| 100 ## - MAIN ENTRY--PERSONAL NAME | |
| Personal name | Gardner, Thomas J. |
| 9 (RLIN) | 1805 |
| 245 ## - TITLE STATEMENT | |
| Title | Criminal Law. / |
| Statement of responsibility, etc. | Thomas J. Gardner, Terry M. Anderson |
| 250 ## - EDITION STATEMENT | |
| Edition statement | 10th ed. |
| 260 ## - PUBLICATION, DISTRIBUTION, ETC. | |
| Place of publication, distribution, etc. | London : |
| Name of publisher, distributor, etc. | Thomson/Wadsworth, |
| Date of publication, distribution, etc. | 2009. |
| 300 ## - PHYSICAL DESCRIPTION | |
| Extent | xxvi, 477 p.: |
| Other physical details | ill ; |
| Dimensions | 20 cm. |
| 500 ## - GENERAL NOTE | |
| General note | Includes index |
| 505 ## - FORMATTED CONTENTS NOTE | |
| Formatted contents note | Contents: Basic concepts of criminal law: Criminal law -- Essential elements of crime -- Criminal liability -- Criminal liability -- Criminal responsibility and the capacity to commit a crime - The law governing the use of force -- Other criminal defenses -- Criminal punishment -- Jurisdiction -- Free speech, street crimes, and he bill of rights -- Crimes against the person: Homicide -- Assault, battery, and other crimes against the person -- Sexual assault, rape, prostitution, and other related sex crimes -- Crimes against property: Theft -- Robbery and burglary -- White collar crime, cyber crime, and commercial crime -- Other criminal conduct: Drug abuse and alcohol-related crimes -- Terrorism -- Organized crime and gangs -- Immigration crimes, contempt, and other crimes against government -- |
| 650 ## - SUBJECT ADDED ENTRY--TOPICAL TERM | |
| Topical term or geographic name entry element | Criminal law |
| General subdivision | United States |
| 9 (RLIN) | 1806 |
| 700 ## - ADDED ENTRY--PERSONAL NAME | |
| Personal name | Anderson, Terry M. |
| 9 (RLIN) | 1807 |
| 942 ## - ADDED ENTRY ELEMENTS (KOHA) | |
| Source of classification or shelving scheme | Library of Congress Classification |
| Koha item type | Books |
| Withdrawn status | Lost status | Source of classification or shelving scheme | Damaged status | Not for loan | Home library | Current library | Shelving location | Date acquired | Full call number | Barcode | Date last seen | Copy number | Price effective from | Koha item type | Total Checkouts |
|---|---|---|---|---|---|---|---|---|---|---|---|---|---|---|---|
| Library of Congress Classification | WISCONSIN INTERNATIONAL UNIVERSITY COLLEGE, GHANA KUMASI LIBRARY | WISCONSIN INTERNATIONAL UNIVERSITY COLLEGE, GHANA KUMASI LIBRARY | Law Library | 31/05/2023 | KF9218.G22(10e) | KSL/2003/266/23 | 22/06/2023 | 1 | 22/06/2023 | Books | |||||
| Library of Congress Classification | WISCONSIN INTERNATIONAL UNIVERSITY COLLEGE, GHANA KUMASI LIBRARY | WISCONSIN INTERNATIONAL UNIVERSITY COLLEGE, GHANA KUMASI LIBRARY | Law Library | 29/06/2023 | kF9218.G221(10e) | KSL/2001/264/23 | 29/06/2023 | 2 | 29/06/2023 | Books | |||||
| Library of Congress Classification | WISCONSIN INTERNATIONAL UNIVERSITY COLLEGE, GHANA KUMASI LIBRARY | WISCONSIN INTERNATIONAL UNIVERSITY COLLEGE, GHANA KUMASI LIBRARY | Law Library | 29/06/2023 | kF9218.G222(10e) | KSL/2002/265/23 | 29/06/2023 | 3 | 29/06/2023 | Books | |||||
| Library of Congress Classification | WISCONSIN INTERNATIONAL UNIVERSITY COLLEGE, GHANA KUMASI LIBRARY | WISCONSIN INTERNATIONAL UNIVERSITY COLLEGE, GHANA KUMASI LIBRARY | Law Library | 29/06/2023 | kF9218.G223(10e) | KSL/2004/267/23 | 29/06/2023 | 4 | 29/06/2023 | Books | |||||
| Library of Congress Classification | WISCONSIN INTERNATIONAL UNIVERSITY COLLEGE, GHANA KUMASI LIBRARY | WISCONSIN INTERNATIONAL UNIVERSITY COLLEGE, GHANA KUMASI LIBRARY | Law Library | 29/06/2023 | kF9218.G224(10e) | KSL/2005/268/23 | 29/06/2023 | 5 | 29/06/2023 | Books |
